000 00476nam a2200169Ia 4500
005 20250508163333.0
008 008 250505s9999 xx 000 0 eng d
037 _aReference
040 _aFEDL
_beng
_cFEDL
041 _aeng
_2eng
084 _a423, LON
_qFEDL
245 0 _aLongman dictionary of contemporary english
260 _aBurnt Mill
_bLongman Group Limited
_c1982
300 _axxxix,1303p.
942 _cREF
_h423, LON
999 _c1382397
_d1382397